Select All Numbers - Number Trivia - Statistics

General Stats
  • This quiz has been taken 20 times
  • The average score is 10 of 18
Answer Stats
Question Tile Select % Correct
Number Sequences in pi 356713672272829 Yes
77%
Number Sequences in pi 36758768985673489876783 Yes
62%
Number Sequences in pi 4637728218918438 Yes
62%
Number Sequences in pi 4789878953789 Yes
62%
Number Sequences in pi 12345678987654321 Yes
54%
Numbers that are in the Fibonacci sequence 144 Yes
54%
Numbers that are in the Fibonacci sequence 377 Yes
54%
Numbers that are in the Fibonacci sequence 51 No
54%
Number Sequences in pi 6969694922420 Yes
54%
Number Sequences in pi 7735367827637 Yes
54%
Numbers that are in the Fibonacci sequence 19 No
46%
Numbers that are in the Fibonacci sequence 233 Yes
46%
Numbers that are in the Fibonacci sequence 32 No
46%
Number Sequences in pi 436278910928376 Yes
46%
Number Sequences in pi 4564737378292910 Yes
46%
Numbers that are in the Fibonacci sequence 55 Yes
46%
Numbers that are in the Fibonacci sequence 83 No
46%
Numbers that are in the Fibonacci sequence 89 Yes
46%
No matching quizzes found
Score Distribution
Percent of People with Each Score
Percentile by Number Answered
Your Score History
You have not taken this quiz